000 00685cam a2200229 a 4500
001 15019149
005 20180201031745.0
008 070924s2008 dcua b 000 0 eng
010 _a 2007938081
020 _a9781928896463 (pbk.)
040 _aDLC
_cDLC
_dDLC
041 _aeng
080 _a371
082 _2371 JAL
100 1 _a46
101 _aEDU
245 1 0 _aLearning to listen, listening to learn :
_cMary Renck Jalongo.
504 _aIncludes bibliographical references (p. 129-144).
906 _a7
_bcbc
_corignew
_d2
_eepcn
_f20
_gy-gencatlg
942 _2ddc
_cBK
999 _c41430
_d41430